| 000 | 00330nam a2200109Ia 4500 | ||
|---|---|---|---|
| 008 | 171211s9999 xx 000 0 und d | ||
| 245 | _aEmperor Yang of the Sui Dynasty: His Life, Times, And Legacy | ||
| 245 | _cVictor Cunrui Xiong | ||
| 260 | _c2006 | ||
| 650 | _xBiography | ||
| 856 | _uhttp://down.ebook777.com/061/0791465888.pdf | ||
| 999 |
_c349921 _d349921 |
||